00868nam a2200181Ia 4500003000900000008004100009020002200050040001600072080002500088111012900113245025400242260005000496300002300546650002900569700002500598700002800623700003500651IN-BaIIA211028s9999 xx 000 0 eng d a978-0-7354-0672-8 cIIA Library a524.3-74(082.1)bFUT aConference inspired By the Accomplishments of the Far Ultraviolet Spectroscopic Explorer MissioncAnnapolisd2008 Oct. 20-22 0aFuture directions in ultraviolet spectroscopybproceedings of the Conference inspired by the accomplishments of the far ultraviolet spectroscopic explorer mission, held in Annapolis, Maryland, 20-22 October, 2008cedited by George Sonneborn..[et.al] aMelvillebAmerican Institute of Physicsc2009 a[various pagings.] aUltraviolet spectroscopy aMoos, H. Warren.,ed. aSonneborn, George., ed. aVan Steenberg, Michael E., ed.